Jednoliterowe odpowiedzi #1 - Statystyki

Ogólne statystyki
  • Ten quiz został rozwiązany 3 089 razy
  • Średni wynik to 13 z 35
Statystyki odpowiedzi
Wskazówka Odpowiedź % Poprawnych
"Ja" po angielsku I
89%
Może być pomylone z rz Ż
89%
Grupa witamin obejmujących niacynę, ryboflawinę i inne B
85%
Kilka tych liter ustawionych obok siebie oznacza dźwięk snu Z
75%
Żadne polskie słowo nie kończy się tą samogłoską Ó
73%
Serial z lat 90: Z archiwum _ X
70%
Uzupełnij analogię. E jest dla W tym, czym S jest dla _ N
65%
Równe 9/5 °C + 32 F
60%
Szeroko rozpowszechniony język programowania z lat 70. C
54%
Długie wymawianie tej litery oznacza zastanawianie się Y
53%
Najlepiej sprzedający się pojazd Forda to Model _ T
51%
Przedostatnia litera polskiego alfabetu Ź
50%
Wzór chemiczny potasu K
47%
Mocniejsza wersja "A-Bomby" to "_-Bomba" H
40%
Dostarcza Jamesowi Bondowi różne gadżety Q
39%
Symbol zbioru liczb rzeczywistych R
39%
W Polsce jest tylko jedno miasto zaczynające się na tę literę Ć
36%
W Internecie krąży obrazek, w którym obrócenie ogonkatej litery i dodanie drugiego po drugiej stronie, stworzy rysunek przypominający męskie przyrodzenie Ą
35%
500 w systemie rzymskim D
35%
Umieszczana na samochodach prowadzonych przez kursantów L
35%
Dragostea din tei to utwór zespołu _-Zone O
34%
W starołacińskim używana zamiast litery U V
27%
Znak paragrafu wygląda jak dwie takie litery jedna pod drugą S
26%
Symbol funta brytyjskiego przypomina tę literę Ł
22%
Metro po niemiecku to: _-Bahn U
19%
Ostatnia litera większości rzeczowników rodzaju żeńskiego A
16%
Listy do _ M
16%
Oznacza ten sam dźwięk, co pewna hiszpańska litera ze znakiem ~ Ń
16%
Występuje na końcu czasowników w drugiej osobiew czasie przeszłym Ś
11%
Pierwsza litera imienia Ąckiego Ę
9%
Minuskuła tej litery oznacza stałą przyspieszenia ziemskiego G
8%
Umieszczona pod pięciolinią oznacza, żeby grać cicho P
8%
Liczba, której przybliżona wartość to 2,718 E
7%
W Facetach w czerni Will Smith grał agenta _ J
5%
Polski jest jedynym językiem słowiańskim używającym tej litery niezaliczanej do polskich znaków W
4%
Nie znaleziono quizów pasujących do podanych kryteriów
Rozkład punktacji
Procent ludzi z każdym wynikiem
Percentyl według liczby udzielonych odpowiedzi
Twoja historia wyników
Nie rozwiązałeś tego quizu